Colons et colonies dans le monde romain

Guardat en:
Dades bibliogràfiques
Autors principals: Demougin, Segolene (Autor), Scheid, John (Autor)
Format: Llibre
Idioma:espanyol
francès
Publicat: Roma Ecole Francaise de Rome 2012
Edició:1a. ed
Col·lecció:Collection de l' Ecole Francaise de Rome, 456
Matèries:
Etiquetes: Afegir etiqueta
Sense etiquetes, Sigues el primer a etiquetar aquest registre!

MARC

LEADER 00000cam a2200000 a 4500
001 UCD8783
003 CL-VaPUC
008 170527e20120000it |||||||||||||||||spa|d
020 |a 9782728309122 
041 0 7 |a spa  |2 CL-VaPUC 
041 0 7 |a fre  |2 CL-VaPUC 
082 0 4 |a 930  |b DEM  |2 21 
100 0 |a Demougin, Segolene  |e author  |9 592286 
700 0 |a Scheid, John  |e author  |9 592287 
245 1 0 |a Colons et colonies dans le monde romain 
250 |a 1a. ed 
300 |a 462 p 
942 |c BK 
945 |d 20170527 00:32:00  |a dcastane 
260 |a Roma  |b Ecole Francaise de Rome  |c 2012 
650 0 |a Historia de Roma   |9 315349 
650 0 |a Historia antigua  |9 267521 
650 0 |a Colonización  |9 265172 
650 7 |a INVASIONES BARBARAS  |2 CL-VaPUC  |9 484026 
583 |a last modification  |c 20170527 00:32:00  |k Rodrigo Vera 
490 0 |a Collection de l' Ecole Francaise de Rome, 456 
999 |c 368092  |d 368090 
952 |0 0  |1 0  |3 erb  |4 0  |6 930_000000000000000_DEM_2012  |7 0  |8 A  |9 483351  |a FDOLAF  |b FDOLAF  |e Laffi, Umberto, 1939-  |i 5392004  |o 930 DEM 2012  |p 5392004  |r 2024-01-30  |w 2019-11-24  |y BK  |z Catalogado en:20170527  |k LAF